| 000 | 01375cam a2200397 i 4500 | ||
|---|---|---|---|
| 999 |
_c200442374 _d60586 |
||
| 001 | 200442374 | ||
| 003 | TR-AnTOB | ||
| 005 | 20220314174741.0 | ||
| 007 | ta | ||
| 008 | 820616m19801981sz i10000 eng | ||
| 010 | _a81108202 | ||
| 015 | _aSw*** | ||
| 020 | _a9221024113 (report (VIII (1)) | ||
| 020 | _a9221024121 (report (VIII (2)) | ||
| 035 | _a(TR-AnTOB)200442374 | ||
| 040 |
_aDLC _beng _erda _cDLC _dCIN _dTR-AnTOB |
||
| 041 | 0 | _aeng | |
| 050 | 0 |
_aHD5708.5 _b.T47 1981 |
|
| 090 |
_aTOBBK HD5708.5 _b.T47 1981 |
||
| 245 | 0 | 0 |
_aTermination of employment at the initiative of the employer : _breport VIII / _cInternational Labour Office |
| 264 | 1 |
_aGeneva : _bInternational Labour Office, _c1981. |
|
| 300 |
_a2 volumes ; _c24 cm |
||
| 336 |
_atext _btxt _2rdacontent |
||
| 337 |
_aunmediated _bn _2rdamedia |
||
| 338 |
_avolume _bnc _2rdacarrier |
||
| 500 | _aAt head of title: International Labour Conference, 67th Session, 1981 | ||
| 500 | _aEighth item on the agenda. | ||
| 500 | _a"Report VIII." | ||
| 650 | 0 |
_aLayoff systems _vCongresses _9131709 |
|
| 650 | 0 |
_aEmployees _xDismissal of _vCongresses _9131710 |
|
| 710 | 2 |
_aInternational Labour Office _927101 |
|
| 711 | 0 |
_aInternational Labour Conference _n(67th : _d1981 : _cGeneva, Switzerland) _958494 |
|
| 942 |
_2z _cBK |
||